000 00407nam a2200169Ia 4500
001 19998
003 IN-NITTTR
005 20251114233229.0
008 251113s9999||||xx |||||||||||||| ||eng||
040 _beng
040 _cIN-NITTTR
041 _aeng
082 _a624.15132 G621I
100 _aGoodman, Richard E.
245 0 _aIntroduction to rock mechanics. /
_cGoodman, Richard E.
942 _2ddc
_cBK
999 _c22632
_d22632